| 000 | 00336nam a2200121Ia 4500 | ||
|---|---|---|---|
| 008 | 150202s9999 xx 000 0 und d | ||
| 050 |
_aFIC _bFIC |
||
| 100 | _aBarthel, Joan. | ||
| 245 | 2 |
_aA death in California / _cJoan Barthel. |
|
| 260 |
_aNew York : _bPenguin Books, _c1981. |
||
| 300 |
_a480 pages : _c18 cm. |
||
| 650 | _aFiction. | ||
| 999 |
_c281852 _d281852 |
||